000 01075nam a2200313 a 4500
001 44510
003 BD-RjUL
005 20211209053854.0
008 160718s1937 sz 000 0 eng
035 _a(OCoLC)ocm34227515
035 _a(BD-RjUL)44628
035 _a(NNC)4724120
040 _aDLC
_cZCH
_beng
041 _aeng
082 _223
_a614.0954
_bHEA 1937
098 _aPb
110 2 _aHealth Organisation.
_9136604
245 1 0 _aHealth organisation.
_bIntergovernmental conference of far-eastern countries on rural hygiene /
260 _a[Geneva :
_c1937
300 _a414 p. :
_bill. ;
_c24 cm.
490 _apreparatory papers relating to british india
500 _aAt head of title: Official no.: C. H. 906. Geneva, September 16th, 1930. League of Nations.
500 _aSeries of League of Nations publications. III. Health. 1930. III. 14.
650 2 _aRural health
_z India
_9121586
650 2 _aPublic Health.
_9123691
856 _3preparatory papers relating to british india
942 _2ddc
_cBK
999 _c44510
_d44510